| 000 | 00994nam a22002777a 4500 | ||
|---|---|---|---|
| 001 | 9181 | ||
| 003 | FISKH | ||
| 005 | 20251127111541.0 | ||
| 008 | 251127b cb ||||| |||| 00| 0 eng d | ||
| 020 | _a9780756657727 | ||
| 040 |
_aFISKH _beng _cFISKH _dFISKH |
||
| 050 | _aPN6728.I76 T45 | ||
| 082 | _a741.5 | ||
| 100 | _aTeitlebaum, Michael | ||
| 245 |
_aIronman the rise of ironman / _cMichael Teitlebaum |
||
| 260 |
_aNew York : _bDK, _c2010. |
||
| 300 |
_a48 pages : _bcolor illustrations ; _c23 cm |
||
| 490 |
_aProficient readers : _vBook 4 |
||
| 505 | _aQ | ||
| 520 | _aDiscover how a genius became the super hero Iron Man, and learn about some of his best battles. Incredible imagery from Marvel's famous comic books helps guide readers through the story of Tony Stark, and how he became the Invincible Iron Man. | ||
| 521 | 8 |
_a660
_bLexile estimate |
|
| 521 | 8 |
_aQ
_bRaz-Plus |
|
| 650 |
_aFiction _vGoodreads _xSuperheroes |
||
| 942 |
_2ddc _cBK _n0 |
||
| 999 |
_c9181 _d9181 |
||